000
00227nam a22000857a 4500
999
_c
11453
_d
11453
008
190524b ||||| |||| 00| 0 eng d
020
_a
97893865163
100
_9
7176
_a
KUMAR MANOJ
245
_a
GREAT NATIONALIST SYAMA PRASAD MUKHERJEE